France in the era of fascism : essays on the French authoritarian right

Αποθηκεύτηκε σε:
Λεπτομέρειες βιβλιογραφικής εγγραφής
Άλλοι συγγραφείς: Jenkins, Brian 1944- (Επιμελητής έκδοσης)
Μορφή: Βιβλίο
Γλώσσα:English
Δημοσίευση: New York : Berghahn Books, 2005
Θέματα:
Ετικέτες: Προσθήκη ετικέτας
Δεν υπάρχουν, Καταχωρήστε ετικέτα πρώτοι!

MARC

LEADER 00000nam a2200000 i 4500
001 1/89888
008 080626s2005 eng d
020 |a 1-57181-537-6 (hbk) 
035 |l 10098487 
040 |a GR-MY-UA  |b gre  |e aacr 
041 0 |a eng 
082 0 |a 320.533  |2 (22) 
245 1 0 |a France in the era of fascism :  |b essays on the French authoritarian right /  |c Brian Jenkins 
260 |a New York :   |b Berghahn Books,   |c 2005 
300 |a 232 σ.;  |c 24 εκ.  
504 |a Βιβλιογραφία: σ. 219-226 
504 |a Ευρετήριο: σ. 227-232 
650 0 0 |a Fascism  |z France  |x History  |y 20th century. 
650 0 0 |a Right-wing extremists  |z France  |x History  |y 20th century. 
651 0 |a France  |x Politics and government  |y 1914-1940. 
700 1 |a Jenkins, Brian  |d 1944-  |4 edt 
852 |a INST  |b LESVOS  |e 20080626  |h 320.533 FRA  |p 005100042662  |q 005100042662  |t BK  |y 0 
901 |a BIBL1-2008-2 
909 |a Λ  |b 143383 
922 |a 1ΕΛΗ  |b 200712  |c ΕΠΕΑΕΚ2/ΤΚΑ  |d ΕΛΕΥΘΕΡΟΥΔΑΚΗΣ 
970 |a ΧΑΤΖΗΜΙΧΑΗΛ  |b ΜΑΡΙΑ  |z 2008/06/26